000 00394nam a2200169Ia 4500
008 230524s9999 xx 000 0 und d
020 _a812970160
082 _a621.381
_bKRI
100 _aK.A.Krishnamurthy
245 0 _aDigital Lab Primer
250 _a1ST
260 _aNEW DELHI
_bPearson
_c2003
300 _a303
500 _aQuantity Number: 2
650 _aElectronics
942 _cBK
999 _c7829
_d7829